00417nam a2200121Ia 4500008004100000024006000041082001800101100006900119245002300188260002500211600002100236650003800257250506s9999 xx 000 0 und d a99B-BCS5-49, 99B-BCS5-29, 99B-BCS5-45 & 99B-BCS5-23 a004.98072 SAN aSana Nazim, Kanwal Samdani, Talat Naz Bhatti & Sara Arshad Malik 4aThe Payroll System aKarachi:bUIT,c1999 aComputer Science aBachelor of Computer Science (BS)